000 00792cam a2200241 a 4500
001 119
003 BR-CuiBMT
005 20231109205642.0
008 230816s2022 mgb 000 0 por d
020 _a9786555182866
040 _aBR-CuiBMT
_cBR-CuiBMT
080 _22007
_a347.7
090 _a347.7
_bA474c
100 1 _aAlves, Giovani Ribeiro Rodrigues
245 1 0 _aCompra e venda de empresas :
_bferramentas para prever, estimular e julgar comportamentos /
_cGiovani Ribeiro Rodrigues Alves ; prefácio Rodrigo Xavier Leonardo.
260 _aBelo Horizonte :
_bFórum,
_c2022.
300 _a194 p. ;
_c22 cm
504 _aInclui bibliografia.
650 _aDireito empresarial
650 _aEmpresas
_xFusões e aquisições
650 _aAdministração de empresas
942 _2udc
_cLV
999 _c119
_d119